[Event "ITA-ch U16"]
[Site "San Nicola Arcella"]
[Date "2004.07.08"]
[Round "7"]
[White "Salsano, Dario"]
[Black "Navarro, Tommaso"]
[Result "0-1"]
[WhiteElo "1613"]
[BlackElo "1694"]
[PlyCount "63"]
[EventDate "2004.07.04"]
[EventType "swiss"]
[EventRounds "7"]
[EventCountry "ITA"]
[SourceTitle "EXT 2024"]
[Source "ChessBase"]
[SourceDate "2023.10.10"]
[SourceVersion "1"]
[SourceVersionDate "2023.10.10"]
[SourceQuality "1"]

1. e4 e5 2. Nf3 Nc6 3. Bb5 a6 4. Bxc6 dxc6 5. 0-0 Bd6 6. d4 exd4 7. Qxd4 f6 8. Be3 Be6 9. Nc3 Ne7 10. Rad1 Ng6 11. Rfe1 Qe7 12. a3 0-0 13. Qd2 Rad8 14. Qe2 Qf7 15. Nd2 Ne5 16. f4 Ng4 17. h3 Nxe3 18. Qxe3 Rd7 19. f5 Bc4 20. b3 Qe7 21. Kh1 Bf7 22. a4 Rfd8 23. Nf3 Bc5 24. Qe2 Bb4 25. Qe3 c5 26. Rxd7 Rxd7 27. Re2 c4 28. Nd2 Qe5 29. Ncb1 cxb3 30. Nxb3 Rd1+ 31. Qg1 Rxg1+ 32. Kxg1 0-1